000 00662nam a2200253Ia 4500
003 OSt
005 20220924115103.0
006 a|||||r|||| 00| 0
007 ta
008 220923b |||||||| |||| 00| 0 tam d
020 _c25
024 _a351793
037 _cTextual
040 _aARTS
_cARTS
_btam
041 _2tam
_atam
082 _aY.211, 31N6
100 _aVisuvanathan A. Au.
_9176710
245 0 _aSamudhaya Sindhanaigal
260 _aChennai
_bMangai Pathippakam India
_c1996
300 _a124p.
_ccm.
650 _aSOCIOLOGY
942 _hY.211, 31N6
_cTEXL
_2CC
999 _c396673
_d396673